00740nam a2200181Ia 4500999001500000020001800015082002000033245007100053260004200124300000900166504002800175650002500203650003000228650004700258700001900305942000700324952022700331 c9012d9012 a9789383111695 a954.04092 SIN-M 0aMain Deendayal Upadhyaya bol raha hoon: vichar evam chitr veethika aNew DelhibPratibha Pratishthanc2017 a191p aIncludes Sandarbh Suchi aPoliticalvBiography aBharat-Pak mahasangz1944 aDeendayal UpadhayayvJeevan Yatraz1916-68 aAmarjeet Singh cBK 00102ddc40708Hindi BooksaNASSDOCbNASSDOCd2017-10-23eOPi2017-10-13l0o954.04092 SIN-Mp49457r2019-04-18 00:00:00w2019-04-18yBKzहिंदी पुस्तकों पर विशेष संग्रह